Современный англо-китайский, китайско-английский словарь

Detalhes bibliográficos
Outros Autores: Чжень Чжун (редактор)
Idioma:chinês
Publicado em: Пекин, Изд-во изучения и исследования иностранных языков, 2005
Assuntos:
Formato: Livro
KOHA link:https://koha.lib.tpu.ru/cgi-bin/koha/opac-detail.pl?biblionumber=118167

MARC

LEADER 00000nam0a2200000 4500
001 118167
005 20231101215443.0
010 |a 7560050573 
035 |a (RuTPU)RU\TPU\book\127884 
090 |a 118167 
100 |a 20070608d2005 m y0rusy50 ca 
101 0 |a chi 
102 |a CN 
105 |a y e 000zy 
200 1 |a Современный англо-китайский, китайско-английский словарь  |f под ред. Чжень Чжун 
210 |a Пекин  |c Изд-во изучения и исследования иностранных языков  |d 2005 
215 |a 1273 с. 
606 1 |a Китайский язык  |x Словари  |2 stltpush  |3 (RuTPU)RU\TPU\subj\73822  |9 86579 
610 1 |a китайский язык 
610 1 |a лексика 
610 1 |a словари 
610 1 |a русский язык 
610 1 |a параллельные словари 
686 |a Ш171.11-48  |v LBC/SL-A  |2 rubbk 
702 1 |a Чжень Чжун  |4 340 
801 1 |a RU  |b 63413507  |c 20070608  |g PSBO 
801 2 |a RU  |b 63413507  |c 20150112  |g PSBO 
942 |c BK